LEADER 03266nam 22005775 450 001 9910299405403321 005 20200707023304.0 010 $a3-662-55239-6 024 7 $a10.1007/978-3-662-55239-1 035 $a(CKB)4100000001381706 035 $a(DE-He213)978-3-662-55239-1 035 $a(MiAaPQ)EBC5210878 035 $a(PPN)222228768 035 $a(EXLCZ)994100000001381706 100 $a20171228d2018 u| 0 101 0 $aeng 135 $aurnn|008mamaa 181 $ctxt$2rdacontent 182 $cc$2rdamedia 183 $acr$2rdacarrier 200 10$aImaging the Rupture Processes of Earthquakes Using the Relative Back-Projection Method $eTheory and Applications /$fby Hao Zhang 205 $a1st ed. 2018. 210 1$aBerlin, Heidelberg :$cSpringer Berlin Heidelberg :$cImprint: Springer,$d2018. 215 $a1 online resource (XI, 117 p. 47 illus., 37 illus. in color.) 225 1 $aSpringer Theses, Recognizing Outstanding Ph.D. Research,$x2190-5053 311 $a3-662-55237-X 320 $aIncludes bibliographical references. 327 $aIntroduction -- Generalized array imaging on rupture processes of earthquakes: Principle and Theoretical Tests -- Relative back-projection method and its application to the 2008 Wenchuan, China earthquake -- Imaging the rupture process of the 2010 Mw 8.8 Chilean earthquake using the relative back-projection method -- Three sub-event rupture in the 2011 Mw 9.0 Tohoku, Japan earthquake revealed by teleseimsic P waves -- Multi-fault rupture and successive triggering during the 2012 Mw 8.6 Sumatra earthquake -- Discussion, conclusions and prospectives. 330 $aThis thesis adopts the relative back-projection method to dramatically reduce ?swimming? artifacts by identifying the rupture fronts in the time window of a reference station; this led to a faster and more accurate image of the rupture processes of earthquakes. Mitigating the damage caused by earthquakes is one of the primary goals of seismology, and includes saving more people?s lives by devising seismological approaches to rapidly analyze an earthquake?s rupture process. The back-projection method described in this thesis can make that a reality.   . 410 0$aSpringer Theses, Recognizing Outstanding Ph.D. Research,$x2190-5053 606 $aGeophysics 606 $aNatural disasters 606 $aSedimentology 606 $aGeophysics/Geodesy$3https://scigraph.springernature.com/ontologies/product-market-codes/G18009 606 $aNatural Hazards$3https://scigraph.springernature.com/ontologies/product-market-codes/G32000 606 $aSedimentology$3https://scigraph.springernature.com/ontologies/product-market-codes/G17080 615 0$aGeophysics. 615 0$aNatural disasters. 615 0$aSedimentology. 615 14$aGeophysics/Geodesy. 615 24$aNatural Hazards. 615 24$aSedimentology. 676 $a551.22 700 $aZhang$b Hao$4aut$4http://id.loc.gov/vocabulary/relators/aut$01058046 801 0$bMiAaPQ 801 1$bMiAaPQ 801 2$bMiAaPQ 906 $aBOOK 912 $a9910299405403321 996 $aImaging the Rupture Processes of Earthquakes Using the Relative Back-Projection Method$92546113 997 $aUNINA